|
|
|
|
| LEADER |
03542nam a22004093i 4500 |
| 001 |
EBC7237810 |
| 003 |
MiAaPQ |
| 005 |
20231204023228.0 |
| 006 |
m o d | |
| 007 |
cr cnu|||||||| |
| 008 |
231204s2023 xx o ||||0 eng d |
| 020 |
|
|
|a 9781000890532
|q (electronic bk.)
|
| 020 |
|
|
|z 9781032310985
|
| 035 |
|
|
|a (MiAaPQ)EBC7237810
|
| 035 |
|
|
|a (Au-PeEL)EBL7237810
|
| 035 |
|
|
|a (OCoLC)1376933003
|
| 040 |
|
|
|a MiAaPQ
|b eng
|e rda
|e pn
|c MiAaPQ
|d MiAaPQ
|
| 082 |
0 |
|
|a 334.6830954
|
| 100 |
1 |
|
|a Prasad, C. Shambu.
|
| 245 |
1 |
0 |
|a Farming Futures :
|b Reimagining Producer Organisations in India.
|
| 250 |
|
|
|a 1st ed.
|
| 264 |
|
1 |
|a Milton :
|b Taylor & Francis Group,
|c 2023.
|
| 264 |
|
4 |
|c Ã2023.
|
| 300 |
|
|
|a 1 online resource (334 pages)
|
| 336 |
|
|
|a text
|b txt
|2 rdacontent
|
| 337 |
|
|
|a computer
|b c
|2 rdamedia
|
| 338 |
|
|
|a online resource
|b cr
|2 rdacarrier
|
| 505 |
0 |
|
|a Cover -- Half Title -- Title -- Copyright -- Contents -- List of Figures -- List of Tables -- List of Contributors -- Foreword -- Acknowledgements -- List of Abbreviations -- 1 Producer organisations as 21st-century farmer institutions -- 2 Dynamics of incubating a multi-community, multi-commodity, multi-location FPO: the case of Krushidhan Producer Company in Gujarat -- 3 Jeevika Women Agri Producer Company Limited: the timid rise of an all-women state-promoted FPC in an "aspirational" district of Bihar -- 4 Leveraging institutional arrangements in accessing markets: the case of Bhangar Vegetable Producer Company Ltd -- 5 Connecting tribal women to markets through promotion of sustainable agriculture: the case of Ram Rahim Pragati Producer Company Ltd -- 6 Sustaining value chains of non-timber forest produce: the Mahanadi Producer Company in Chhattisgarh -- 7 Markets that empower women farmers' collectives -- 8 Krishi Bagwani Swawlambi Sahakari Samiti Limited: adaptive management and convergence in an all-women tribal collective -- 9 Is the Amul model possible in pulses? The case of Hasnabad Farmers Services Producer Company Limited -- 10 Traditional tribal goat-rearer women taking the FPC way: the case of Pandhana PashuPalak Producer Company Limited, Madhya Pradesh -- 11 Market-first approach of a community institution: the case of Kazhani Farmer Producer Company in Tamil Nadu -- 12 Bridging smallholder fruit farmers and consumers: the case of Navyug Kisan Producer Company Ltd -- 13 Sustaining livelihoods and securing sovereignty: tracing the journey of Desi Seed Producer Company Limited, Mysore, Karnataka -- 14 Federating for rapid (maha) growth: the MAHA Farmers Producer Company in Maharashtra -- 15 Seeding an FPO movement: the Madhya Bharat Consortium in Central India.
|
| 505 |
8 |
|
|a 16 From civil society origins to an independent marketing federation of farmer producer organisations: the case of Gujpro Agri-business Consortium -- 17 Reimagining producer organisations in India -- Index.
|
| 588 |
|
|
|a Description based on publisher supplied metadata and other sources.
|
| 590 |
|
|
|a Electronic reproduction. Ann Arbor, Michigan : ProQuest Ebook Central, 2023. Available via World Wide Web. Access may be limited to ProQuest Ebook Central affiliated libraries.
|
| 655 |
|
4 |
|a Electronic books.
|
| 700 |
1 |
|
|a Kanitkar, Ajit.
|
| 700 |
1 |
|
|a Dutta, Deborah.
|
| 776 |
0 |
8 |
|i Print version:
|a Prasad, C. Shambu
|t Farming Futures
|d Milton : Taylor & Francis Group,c2023
|z 9781032310985
|
| 797 |
2 |
|
|a ProQuest (Firm)
|
| 856 |
4 |
0 |
|u https://ebookcentral.proquest.com/lib/matrademy/detail.action?docID=7237810
|z Click to View
|